I Can Draw:Dinosaurs.On the Farm. Trucks&Cars Sharks, Wheels (Record no. 297063)
[ view plain ]
| 000 -LEADER | |
|---|---|
| fixed length control field | 00241 a2200097 4500 |
| 001 - CONTROL NUMBER | |
| control field | 61990 |
| 090 ## - LOCALLY ASSIGNED LC-TYPE CALL NUMBER (OCLC); LOCAL CALL NUMBER (RLIN) | |
| -- | 37157 |
| -- | 37157 |
| 100 ## - MAIN ENTRY--PERSONAL NAME | |
| Personal name | Longhurst,A.T |
| 245 ## - TITLE STATEMENT | |
| Title | I Can Draw:Dinosaurs.On the Farm. Trucks&Cars Sharks, Wheels |
| 260 ## - PUBLICATION, DISTRIBUTION, ETC. | |
| Name of publisher, distributor, etc. | Parragon Queen BAI |
| 942 ## - ADDED ENTRY ELEMENTS (KOHA) | |
| Institution code [OBSOLETE] | NUST-CAE |
| Withdrawn status | Lost status | Damaged status | Not for loan | Collection code | Permanent Location | Current Location | Date acquired | Total Checkouts | Barcode | Date last seen | Price effective from | Koha item type |
|---|---|---|---|---|---|---|---|---|---|---|---|---|
| College of Aeronautical Engineering (CAE) | College of Aeronautical Engineering (CAE) | 04/03/2017 | CAEN-2953 | 04/05/2017 | 04/05/2017 | Book |
